Predikcia časových radov pomocou hlbokých neurónových sietí

Salvato in:
Dettagli Bibliografici
Autore principale: Bobovský, Peter (Autore)
Altri autori: Lacko, Peter (Relatore della tesi)
Natura: Manoscritto Libro
Lingua:slovacco
inglese
Pubblicazione: 2018
Soggetti:
Accesso online:http://is.stuba.sk/zp/portal_zp.pl?podrobnosti=137985
Tags: Aggiungi Tag
Nessun Tag, puoi essere il primo ad aggiungerne!!

MARC

LEADER 00000ntm a22000003a 4500
001 stuzp70387
003 SK-STU
005 20190312154014.9
007 ta
008 150427s2015----xo-----f-mn---000-0-slo-d
040 |a STU  |b slo 
041 0 |a eng 
044 |a xo 
100 1 |a Bobovský, Peter  |u 070200  |k Z4  |4 aut  |U FIIT Fakulta informatiky a informačných technológií  |T FIIT Ústav informatiky, informačných systémov a softvérového inžinierstva  |X 72006  |U I200  |Y 179  |7 72006 
242 0 1 |a Predikcia časových radov pomocou hlbokých neurónových sietí  |y slo 
245 1 0 |a Predikcia časových radov pomocou hlbokých neurónových sietí 
260 |c 2018 
300 |a 42 s., príl.,  |e CD-rom 
650 4 |a Hlboké strojové učenie  |2 slo 
650 4 |a Neurónová sieť  |2 slo 
650 4 |a časový rad  |2 slo 
650 4 |a neural networks  |2 eng 
650 4 |a deep learning  |2 eng 
650 4 |a time series  |2 eng 
700 1 |a Lacko, Peter  |u 070200  |k Z1  |4 ths  |U FIIT Fakulta informatiky a informačných technológií  |T FIIT Ústav informatiky, informačných systémov a softvérového inžinierstva  |X 1780  |U I200  |Y 179  |7 1780 
856 4 |u http://is.stuba.sk/zp/portal_zp.pl?podrobnosti=137985 
996 |b IZP20180152  |c I*DP7/18  |l II680  |s P  |a 0  |w stuzp70387_0001